[Event "34th World Open"]
[Site "Philadelphia USA"]
[Date "2006.07.04"]
[Round "9"]
[White "Arnold,M"]
[Black "Scekic,M"]
[Result "1/2-1/2"]
[WhiteElo "2105"]
[BlackElo "2391"]
[EventDate "2006.06.28"]

1. d4 c5 2. d5 e5 3. e4 d6 4. Bd3 g6 5. c4 Nf6 6. Nc3 Bg7 7. Nge2 O-O 8.
O-O Nbd7 9. Ng3 Kh8 10. Be3 a6 11. a4 Ng8 12. Qd2 Qh4 13. Nce2 a5 14. f3
Bh6 15. Bxh6 Qxh6 16. Qxh6 Nxh6 17. Bc2 Nf6 18. h3 Kg7 19. Rae1 Nd7 20. b3
b6 21. Rf2 Ba6 22. Ref1 Rae8 23. Nc3 Nf6 24. Nce2 Bc8 25. Bd3 Nhg8 26. Nc3
Bd7 27. Nge2 Nh5 28. Kh2 Ne7 29. g3 g5 30. Nd1 Nf6 31. Ne3 Ng6 32. Nc3 h5
33. Nf5+ Bxf5 34. exf5 Ne7 35. g4 Rh8 36. Kg2 Rh7 37. Rh1 Reh8 38. Rff1 Kf8
39. Bc2 Neg8 40. Rfg1 Ke7 41. Rf1 Rh6 42. Re1 Kd7 43. Ref1 R6h7 44. Re1 Kd8
45. Bb1 Rg7 46. Ref1 Nd7 47. Re1 Ngf6 48. Re2 Rgh7 49. Ree1 Nb8 50. Ref1
Na6 51. Re1 Nb4 52. Ne4 Nxe4 53. fxe4 Ke7 54. Ref1 Kf6 55. Rfg1 Ke7 56. Re1
Kd7 57. Ref1 Kc7 58. Re1 b5 59. axb5 Kb6 60. h4 Rg7 61. Reg1 gxh4 62. Rxh4
Rxg4+ 63. Rxg4 hxg4 64. Rh1 Ra8 65. Kg3 a4 66. bxa4 Ka5 67. f6 Kxa4 68. Bd3
Kb3 69. Be2 Kc3 70. Bxg4 Kxc4 71. b6 Rb8 72. Rh7 Rxb6 73. Rxf7 Rb8 74. Re7
Rf8 75. f7 Kd3 76. Bh5 c4 77. Re8 Rxf7 78. Bxf7 c3 79. Rc8 c2 80. Kg4 Na2
81. Rxc2 Kxc2 82. Kf5 Kd3 83. Bg6 Kd4 84. Ke6 Kc5 85. Ke7 Nc1 86. Bf5 Ne2
87. Bg4 Nc3 88. Bf3 Nb5 89. Bh1 Nd4 90. Bg2 Nc2 91. Bh1 Ne1 92. Kd7 1/2-1/2

[Event "34th World Open"]
[Site "Philadelphia USA"]
[Date "2006.07.04"]
[Round "9"]
[White "Hoekstra,M"]
[Black "Onyekwere,C"]
[Result "1/2-1/2"]
[WhiteElo "2363"]
[BlackElo "2075"]
[EventDate "2006.06.28"]

1. d4 d5 2. c4 c6 3. cxd5 cxd5 4. Nf3 Nf6 5. Nc3 e6 6. Bf4 Bd6 7. Ne5 Nc6
8. e3 O-O 9. Bd3 a6 10. Qf3 Bxe5 11. dxe5 Nd7 12. Qh3 f5 13. exf6 Nxf6 14.
Qg3 e5 15. Bg5 e4 16. Bc2 Be6 17. O-O Nb4 18. Rac1 Qd7 19. Rfd1 Qf7 20.
Bxf6 Qxf6 21. a3 Nxc2 22. Rxc2 Rad8 23. Ne2 Rd7 24. Nd4 Bf7 25. Rdc1 h6 26.
h3 Bh5 27. Rc7 Rdf7 28. Rxf7 Rxf7 29. Rc7 Kh7 30. Rxf7 Qxf7 31. Qd6 Bd1 32.
Ne6 Bb3 33. h4 Bc4 34. Nf8+ Kg8 35. Ng6 Kh7 36. h5 Be2 37. Nf4 Bxh5 38. Qe5
Bd1 39. Nxd5 Bc2 40. Nb4 Bb1 41. Nd5 Bc2 42. Ne7 Bd3 43. Nf5 b5 44. Nd4 Kh8
45. Ne6 Kg8 46. Nc5 Qg6 47. b4 Kh8 48. Qe6 Qh5 49. Nxe4 Qd1+ 50. Kh2 Qh5+
51. Kg3 Bxe4 52. Qxe4 Qg5+ 53. Kh3 Qh5+ 54. Kg3 Qg5+ 55. Kh3 1/2-1/2

[Event "34th World Open"]
[Site "Philadelphia USA"]
[Date "2006.07.04"]
[Round "9"]
[White "Barnett,A"]
[Black "Coupet,P"]
[Result "1-0"]
[WhiteElo "2289"]
[BlackElo "2283"]
[EventDate "2006.06.28"]

1. e4 e6 2. d4 d5 3. Nc3 Bb4 4. e5 c5 5. Bd2 cxd4 6. Nb5 Bf8 7. Nf3 Nc6 8.
Nbxd4 Nge7 9. Bd3 Ng6 10. Nxc6 bxc6 11. h4 Be7 12. h5 Nh4 13. Nxh4 Bxh4 14.
Qg4 Be7 15. Qxg7 Kd7 16. Bxh7 Ba6 17. Rh3 Qb6 18. Rb3 Qd4 19. O-O-O Qa4 20.
a3 c5 21. Rf3 Rhf8 22. Rxf7 Rxf7 23. Qxf7 Rf8 24. Qg7 Qh4 25. Bg6 Be2 26.
g3 Qg4 27. Re1 Rxf2 28. h6 Bf3 29. h7 Rxd2 30. Be8+ 1-0

[Event "34th World Open"]
[Site "Philadelphia USA"]
[Date "2006.07.04"]
[Round "9"]
[White "Hungaski,R"]
[Black "Zaikov,O"]
[Result "1/2-1/2"]
[WhiteElo "2400"]
[BlackElo "2391"]
[EventDate "2006.06.28"]

1. e4 c5 2. Nf3 d6 3. d4 cxd4 4. Nxd4 Nf6 5. Nc3 a6 6. f4 e6 7. Qf3 Qc7 8.
g4 b5 9. g5 b4 10. Ncb5 axb5 11. gxf6 gxf6 12. Nxb5 Qb7 13. c4 f5 14. Be3
Rg8 15. Bd3 Nd7 16. Rf1 Nc5 17. Bxc5 dxc5 18. exf5 Qxf3 19. Rxf3 Rg1+ 20.
Rf1 Rxf1+ 21. Kxf1 Ke7 22. fxe6 fxe6 23. a3 Bg7 24. Be4 Ra5 25. Rb1 Bd7 26.
Ke2 Bxb5 27. cxb5 Rxb5 28. a4 Ra5 29. b3 c4 1/2-1/2

[Event "34th World Open"]
[Site "Philadelphia USA"]
[Date "2006.07.04"]
[Round "9"]
[White "Hansen,Er"]
[Black "Karell,L"]
[Result "1/2-1/2"]
[WhiteElo "1835"]
[BlackElo "2078"]
[EventDate "2006.06.28"]

1. e4 c6 2. d4 d5 3. e5 c5 4. dxc5 e6 5. Be3 Nd7 6. Bb5 Qc7 7. Qd4 Ne7 8.
b4 Nf5 9. Qc3 Nxe3 10. Qxe3 b6 11. cxb6 Qxc2 12. Nc3 Bxb4 13. Rc1 Bxc3+ 14.
Qxc3 Qxc3+ 15. Rxc3 axb6 16. Nf3 O-O 17. O-O Ba6 18. Bxd7 Bxf1 19. Kxf1
Rxa2 1/2-1/2

[Event "34th World Open"]
[Site "Philadelphia USA"]
[Date "2006.07.04"]
[Round "9"]
[White "Uesugi,S"]
[Black "Kiewra,K"]
[Result "1/2-1/2"]
[WhiteElo "2086"]
[BlackElo "2257"]
[EventDate "2006.06.28"]

1. e4 c5 2. Nf3 d6 3. d4 Nf6 4. Nc3 cxd4 5. Nxd4 g6 6. Be3 Bg7 7. f3 O-O 8.
Bc4 Nc6 9. Qd2 Bd7 10. O-O Rc8 11. Bb3 Na5 12. Kh1 a6 13. Rfe1 b5 14. Bh6
Bxh6 15. Qxh6 Rc5 16. Rad1 Nc4 17. Bxc4 bxc4 18. Qe3 Qb6 19. b3 Rfc8 20.
Rb1 cxb3 21. Nxb3 R5c6 22. Nd4 Qa5 23. Nxc6 Rxc6 24. Nd5 Rxc2 25. Nb4 Rc4
26. a3 Qe5 27. Rec1 Rxc1+ 28. Rxc1 Bb5 29. Rc8+ Kg7 30. Qc3 Qg5 31. Nd5
1/2-1/2

[Event "34th World Open"]
[Site "Philadelphia USA"]
[Date "2006.07.04"]
[Round "9"]
[White "Sarkar,J"]
[Black "La Rota,F"]
[Result "1/2-1/2"]
[WhiteElo "2355"]
[BlackElo "2296"]
[EventDate "2006.06.28"]

1. d4 d5 2. c4 e6 3. Nc3 Nf6 4. Nf3 Nbd7 5. Bf4 Bb4 6. cxd5 exd5 7. Rc1 c6
8. a3 Be7 9. e3 Nf8 10. Qc2 Ng6 11. Bg5 O-O 12. Bd3 Re8 13. Bxf6 Bxf6 14.
h3 b6 15. b4 Bb7 16. O-O Qd6 17. Rfd1 Be7 18. Rb1 Rac8 19. a4 Rb8 20. a5
Bd8 21. axb6 axb6 22. b5 Re7 23. bxc6 Bxc6 24. Bb5 Bb7 25. Ra1 Rc7 26. Qb3
Rbc8 27. Rd3 Ne7 28. g3 Kf8 29. Kg2 f6 30. Ba6 Bxa6 31. Rxa6 Rc4 32. Nd2
Qb4 33. Na4 Qxb3 34. Rxb3 Rc2 35. Nb1 Ra2 36. Nbc3 Ra1 37. Nc5 Rxa6 38.
Nxa6 Kf7 39. Nb4 Ke6 40. Ra3 Rc4 41. Nd3 g5 42. Kf3 h5 43. Ke2 Nc6 44. Kd2
Na5 45. Ra2 Nb3+ 46. Kc2 Na5 47. Rb2 Nc6 48. Kd2 Bc7 49. g4 h4 50. Rb1 b5
51. Nc5+ Kf7 52. Nxd5 Nxd4 53. Nxc7 Rxc5 54. exd4 Rxc7 55. Rxb5 Ra7 56. Rb3
Ra2+ 57. Ke3 Ke6 58. f4 Rh2 59. Ke4 Re2+ 60. Re3 Rd2 61. f5+ Kd6 62. Ra3
Re2+ 63. Kd3 Rh2 64. Kc4 Rc2+ 65. Rc3 Rd2 66. Re3 Rc2+ 67. Kd3 Rh2 68. Ke4
Rd2 69. Ra3 Re2+ 70. Kd3 Rh2 71. Ra6+ Kd5 72. Ra5+ Kd6 73. Ke4 Re2+ 74. Kd3
Rh2 75. Ra6+ Kd5 76. Ra5+ Kd6 1/2-1/2